| Tag |
First Indicator |
Second Indicator |
Subfields |
| LEADER |
00000cam a2200000Mi 4500 |
| 001 |
in00005488913 |
| 006 |
m o u |
| 007 |
cr |n|---uuuuu |
| 008 |
200312s2020 enk o ||| 0 eng d |
| 005 |
20240917182420.0 |
| 035 |
|
|
|a (OCoLC)on1244007434
|
| 040 |
|
|
|a UKAMD
|b eng
|c UKAMD
|d OCLCO
|
| 035 |
|
|
|a (OCoLC)1244007434
|
| 049 |
|
|
|a TXAM
|
| 245 |
0 |
0 |
|a Correspondence between Michael Pakenham Edgeworth and his sister Lucy (1818-59); his brother Francis Beaufort (1819-46); Rosa, widow of Francis, and her children (1846-54);Christina Edgeworth (née MacPherson) (1846-65); and his daughter Harriet (c.1860-5)
|g 1818-1865.
|
| 264 |
|
1 |
|a Marlborough, Wiltshire :
|b Adam Matthew Digital,
|c 2020.
|
| 300 |
|
|
|a 1 online resource.
|
| 336 |
|
|
|a text
|b txt
|2 rdacontent
|
| 337 |
|
|
|a computer
|b c
|2 rdamedia
|
| 338 |
|
|
|a online resource
|b cr
|2 rdacarrier
|
| 490 |
1 |
|
|a AM Scholar: Women's Studies.
|
| 500 |
|
|
|a AMDigital Reference: MS Eng lett c729.
|
| 534 |
|
|
|p Reproduction of:
|t Correspondence between Michael Pakenham Edgeworth and his sister Lucy (1818-59); his brother Francis Beaufort (1819-46); Rosa, widow of Francis, and her children (1846-54);Christina Edgeworth (née MacPherson) (1846-65); and his daughter Harriet (c.1860-5)
|c c.1818-1865.
|
| 535 |
1 |
|
|a The Bodleian Libraries
|
| 542 |
|
|
|f Material sourced from the Bodleian Libraries
|
| 588 |
0 |
|
|a Description based on online resource (viewed on March 12, 2020).
|
| 655 |
|
7 |
|a Electronic books.
|2 local
|
| 710 |
2 |
|
|a Adam Matthew Digital (Firm),
|e digitiser.
|
| 830 |
|
0 |
|a AM Scholar: Women's Studies.
|
| 856 |
4 |
0 |
|u http://proxy.library.tamu.edu/login?url=https://www.amscholar.amdigital.co.uk/Documents/Details/WomenEducationAndLiterature_Part1_Reel17_Vol1
|z Connect to the full text of this electronic book
|t 0
|
| 955 |
|
|
|a Adam Matthew Scholar Women's Studies
|
| 994 |
|
|
|a 92
|b TXA
|
| 999 |
f |
f |
|s 2c20dc81-a876-41c5-b321-b30d074b8593
|i 1d04f319-fdf2-4fa5-a5f5-e5a85ddc90a1
|t 0
|
| 952 |
f |
f |
|a Texas A&M University
|b College Station
|c Electronic Resources
|d Available Online
|t 0
|h Library of Congress classification
|
| 998 |
f |
f |
|t 0
|l Available Online
|